| 000 | 01092nam a2200193Ia 4500 | ||
|---|---|---|---|
| 003 | Ost | ||
| 005 | 20260507075737.0 | ||
| 008 | 260507s9999||||xx |||||||||||||| ||und|| | ||
| 040 | _cfsecg | ||
| 041 | _aara | ||
| 082 | _a310 | ||
| 100 |
_aعبد ربه، ابراهيم على ابراهيم _eمؤلف |
||
| 245 | 0 |
_aمبادئ علم الاحصاء / _c ابراهيم على ابراهيم عبد ربه |
|
| 260 |
_aالاسكندرية: _bالدار الجامعية, _c2004 |
||
| 300 |
_a0 516 صفحة؛ _bإيضاحات ؛ _c24 سم |
||
| 520 | _aنشأة وتطور ومجالات ومراحل علم الإحصاء،جمع البيانات والمعلومات الإحصائية،تصنيف وعرض البيانات الإحصائية،تحليل البيانات الإحصائية،مقاييس التشتت،الالتواء والعزوم والتفرطح،دراسة العلاقة بين متغيرين أو أكثر،الأرقام القياسية،السلاسل الزمنية تحليل وقياس مكوناتها | ||
| 653 | _aالاحصاء | ||
| 942 | _cكتاب | ||
| 999 |
_c46105 _d46105 |
||